Las privatizaciones de empresas: la privatización de empresas públicas como fenómeno internacional (Registro nro. 6021)

Detalles MARC
000 -Cabecera
Campo de control de longitud fija 00599ata a2200205 4500
005 - Fecha y hora de la última transacción
Campo de control 20250819105945.0
008 - Elementos de longitud fija--Información general
Campo de control de longitud fija 150526b1993 xxu||||| |||| 00| 0 spa d
041 ## - Idioma
Código de idioma Español
082 ## - Clasificación Decimal Dewey
Número de clasificación 338.9 V496p
100 ## - Entrada principal--Autor personal
Nombre personal Verges Jaime, Joaquín
9 (RLIN) 34986
245 ## - Título propiamente dicho
Título Las privatizaciones de empresas: la privatización de empresas públicas como fenómeno internacional
260 ## - Pie de imprenta
Lugar de publicación, distribución, etc. España
260 ## - Pie de imprenta
Nombre del editor, distribuidor, etc. EDA GESTION
260 ## - Pie de imprenta
Fecha de publicación, distribución, etc. 1993
300 ## - Descripción física
Extensión 138 páginas
490 ## - Serie
Título de la Serie Dirección y Administración de Empresas
650 ## - Materia general
Temática (materia general) DESARROLLO ECONÓMICO
650 ## - Materia general
Temática (materia general) PRIVATIZACIÓN
942 ## - Punto de acceso adicional KOHA
Tipo de ítem KOHA Libro
Fuente del sistema de clasificación o colocación Dewey Decimal Classification
Existencias
Signatura completa Código de barras Programa Académico Tipo de ítem
338.9 V496p 2879 Dirección y Administración de Empresas Libro